|
|
|
|
| LEADER |
01752cas a2200253 a 4500 |
| 001 |
AALejournalIMF004693 |
| 008 |
230101c9999 xx r poo 0 0eng d |
| 020 |
|
|
|c 5.00 USD
|
| 020 |
|
|
|z 9781451848236
|
| 022 |
|
|
|a 1018-5941
|
| 040 |
|
|
|a BD-DhAAL
|c BD-DhAAL
|
| 100 |
1 |
|
|a Milesi-Ferretti, Gian.
|
| 245 |
1 |
0 |
|a Growth Effects of Income and Consumption Taxes :
|b Positive and Normative Analysis /
|c Gian Milesi-Ferretti, Nouriel Roubini.
|
| 264 |
|
1 |
|a Washington, D.C. :
|b International Monetary Fund,
|c 1995.
|
| 300 |
|
|
|a 1 online resource (38 pages)
|
| 490 |
1 |
|
|a IMF Working Papers
|
| 500 |
|
|
|a <strong>Off-Campus Access:</strong> No User ID or Password Required
|
| 500 |
|
|
|a <strong>On-Campus Access:</strong> No User ID or Password Required
|
| 506 |
|
|
|a Electronic access restricted to authorized BRAC University faculty, staff and students
|
| 520 |
3 |
|
|a The effects of income and consumption taxation are examined in the context of models in which the growth process is driven by the accumulation of human and physical capital. The different channels through which these taxes affect economic growth are discussed, and it is shown that in general the taxation of factor incomes (human and physical capital) is growth-reducing. The effects of consumption taxation on growth depend crucially on the elasticity of labor supply, and therefore on the specification of the leisure activity. The paper also derives some implications for the optimal intertemporal choice of tax instruments.
|
| 538 |
|
|
|a Mode of access: Internet
|
| 700 |
1 |
|
|a Roubini, Nouriel.
|
| 830 |
|
0 |
|a IMF Working Papers; Working Paper ;
|v No. 1995/062
|
| 856 |
4 |
0 |
|z Full text available on IMF
|u http://elibrary.imf.org/view/journals/001/1995/062/001.1995.issue-062-en.xml
|z IMF e-Library
|